| 000 | 00662nam a2200253Ia 4500 | ||
|---|---|---|---|
| 003 | OSt | ||
| 005 | 20221005073347.0 | ||
| 006 | a|||||r|||| 00| 0 | ||
| 007 | ta | ||
| 008 | 221004b |||||||| |||| 00| 0 eng d | ||
| 024 | _a58386 | ||
| 037 | _cTextual | ||
| 040 |
_aCRL _cCRL _beng |
||
| 041 |
_2eng _aeng |
||
| 082 | _aV2:25wM97, M3 | ||
| 100 | _aAhluwalia B K | ||
| 245 | 0 | _aNetaji and Indian independence | |
| 260 |
_aNew Delhi _bHarnam _c1983 |
||
| 300 |
_a180p. _ccm. |
||
| 650 | _aHISTORY | ||
| 700 | _a Ahluwalia Shashi | ||
| 942 |
_hV2:25wM97, M3 _cTEXL _2cc |
||
| 999 |
_c980989 _d980989 |
||